[Event "Agarr's SC Free for All 3"]
[Site "SchemingMind.com"]
[Date "2006.08.04"]
[Round "-"]
[White "JohnRees"]
[Black "banong"]
[Result "0-1"]
[WhiteCountry "WLS"]
[BlackCountry "PHI"]
[WhiteElo "1388"]
[WhiteRD "83"]
[BlackElo "1672"]
[BlackRD "65"]
[GameID "62342"]

1. d4 Nf6 2. Nf3 d5 3. Nc3 Nc6 4. Bf4 a6 5. Qd3 Bg4 6. O-O-O e6 7. e4 Bb4 8. a3 Bxc3 9. Qxc3 Nxe4 10. Qe3 Bf5
11. g4 Bg6 12. Ne5 Nxe5 13. Bxe5 O-O 14. g5 Nxg5 15. Bd3 f5 16. f4 Ne4 17. Rhg1 c6 18. h4 Bh5 19. Rde1 g6 20. c4 b5
21. c5 a5 22. b3 Qxh4 23. Rh1 Qf2 24. Rhf1 Qa2 25. Bb1 Qxa3+ 26. Kc2 a4 27. b4 Qxb4 28. Rg1 a3 29. Qb3 Qd2#
0-1

[Event "Agarr's SC Free for All 3"]
[Site "SchemingMind.com"]
[Date "2006.08.04"]
[Round "-"]
[White "JohnRees"]
[Black "agarr"]
[Result "0-1"]
[WhiteCountry "WLS"]
[BlackCountry "RUS"]
[WhiteElo "1347"]
[WhiteRD "93"]
[BlackElo "1697"]
[BlackRD "67"]
[GameID "62343"]

1. d4 d5 2. Nf3 Bf5 3. Nc3 e6 4. Bf4 Bb4 5. a3 Ba5 6. b4 Bb6 7. Nh4 Qxh4 8. Nb5 Qxf4 9. e3 Qg5 10. Bd3 Qxg2
11. Kd2 Qxf2+ 12. Qe2 Qxe2+ 13. Bxe2 Nf6 14. Rhg1 Ne4+ 15. Kc1 O-O 16. Bg4 Bxg4 17. Rxg4 c6 18. a4 cxb5 19. axb5 e5 20. dxe5 Bxe3+
21. Kd1 Nf2+ 22. Ke2 Nxg4 23. Kf3 Bd4 24. Rd1 Nxh2+ 25. Kg2 Bxe5 26. Rxd5 f6 27. c4 a5 28. bxa5 Rxa5
0-1

[Event "Agarr's SC Free for All 3"]
[Site "SchemingMind.com"]
[Date "2006.08.04"]
[Round "-"]
[White "JohnRees"]
[Black "MatdeInverses"]
[Result "0-1"]
[WhiteCountry "WLS"]
[BlackCountry "USA"]
[WhiteElo "1347"]
[WhiteRD "93"]
[BlackElo "2054"]
[BlackRD "51"]
[GameID "62344"]

1. d4 Nf6 2. Nc3 c5 3. Nf3 cxd4 4. Nxd4 Nc6 5. e4 d6 6. Bb5 Bd7 7. O-O g6 8. Qe2 Nxd4 9. Qd3 Nxb5 10. Nxb5 Bxb5
11. Qxb5+ Qd7 12. Qb4 Bg7 13. Re1 O-O 14. e5 dxe5 15. Rxe5 Nd5 16. Qe4 Bxe5 17. Qxe5 Qe6 18. Qxe6 fxe6 19. Bg5 Rac8 20. c3 Rf5
21. h4 Kf7 22. g4 Rxg5 23. hxg5 Nf4 24. Kh2 Nd3 25. Rd1 Nxf2 26. Rd4 e5 27. Rd7 Nxg4+ 28. Kh3 Rc4 29. Rxb7 Rf4 30. Rxa7 h5
31. a4 e4
0-1

[Event "Agarr's SC Free for All 3"]
[Site "SchemingMind.com"]
[Date "2006.08.04"]
[Round "-"]
[White "JohnRees"]
[Black "Dane"]
[Result "1-0"]
[WhiteCountry "WLS"]
[BlackCountry "CRO"]
[WhiteElo "1347"]
[WhiteRD "93"]
[BlackElo "1474"]
[BlackRD "79"]
[GameID "62345"]

1. d4 Nf6 2. Nc3 e6 3. e4 d5 4. e5 Ne4 5. Nf3 Bb4 6. Qd3 b6 7. Qb5+ Bd7 8. Qxb4 a5 9. Qa3 Nc6 10. Bd3 Nb4
11. O-O O-O 12. Nxe4 dxe4 13. Bxe4 c6 14. c3 Nd5 15. Bg5 Qc8 16. c4 Nb4 17. Rac1 Rb8 18. Be7 Re8 19. Bd6 Rb7 20. Ng5 Ra7
21. c5 bxc5 22. Bxc5 Ra8 23. Bxh7+ Kh8 24. Qf3 Nd5 25. Qh3 g6 26. Nxf7+ Kg7 27. Qh6+ Kxf7 28. Qxg6#
1-0

[Event "Agarr's SC Free for All 3"]
[Site "SchemingMind.com"]
[Date "2006.08.04"]
[Round "-"]
[White "JohnRees"]
[Black "No Limit"]
[Result "1-0"]
[WhiteCountry "WLS"]
[BlackCountry "USA"]
[WhiteElo "1388"]
[WhiteRD "83"]
[BlackElo "1287"]
[BlackRD "84"]
[GameID "62346"]

1. d4 Nf6 2. Nc3 d5 3. Nf3 e6 4. e3 c5 5. Nb5 a6 6. Nc3 cxd4 7. Qxd4 Nc6 8. Bd3 Nxd4 9. exd4 Bb4 10. O-O h6
11. a3 Bxc3 12. bxc3 O-O 13. Rb1 Qa5 14. c4 dxc4 15. Bxc4 b5 16. Bd3 Nd7 17. Bd2 Qxa3 18. Bb4
1-0

[Event "Agarr's SC Free for All 3"]
[Site "SchemingMind.com"]
[Date "2006.08.04"]
[Round "-"]
[White "e_castle3"]
[Black "JohnRees"]
[Result "1-0"]
[WhiteCountry "PHI"]
[BlackCountry "WLS"]
[WhiteElo "1796"]
[WhiteRD "64"]
[BlackElo "1388"]
[BlackRD "83"]
[GameID "62347"]

1. e4 e5 2. Nf3 Nc6 3. Bb5 Nd4 4. Nxd4 exd4 5. O-O Bc5 6. d3 c6 7. Ba4 b5 8. Bb3 Nf6 9. c3 O-O 10. Bg5 d6
11. Nd2 Bg4 12. Qc2 Qe8 13. Bxf6 gxf6 14. Kh1 Qe5 15. f3 Be6 16. f4 Qh5 17. Nf3 dxc3 18. bxc3 Kh8 19. d4 Ba3 20. f5 Bd7
21. Qd2 c5 22. Bd1 Rg8 23. Ne5 Qg5 24. Nxf7+ Kg7 25. Nxg5 fxg5 26. Qxg5+ Kh8 27. Qf6+ Rg7 28. Qxd6 Bb2 29. Rb1 Bxc3 30. dxc5 Rd8
31. Qf4 Bc6 32. f6 Rg6 33. Bc2 Rd2 34. f7 Bg7 35. f8=Q+ Bxf8 36. Qxf8+ Rg8 37. Qf6+ Rg7 38. Qxc6 Rxc2 39. Rf8+
1-0

[Event "Agarr's SC Free for All 3"]
[Site "SchemingMind.com"]
[Date "2006.08.04"]
[Round "-"]
[White "banong"]
[Black "JohnRees"]
[Result "1-0"]
[WhiteCountry "PHI"]
[BlackCountry "WLS"]
[WhiteElo "1632"]
[WhiteRD "64"]
[BlackElo "1347"]
[BlackRD "93"]
[GameID "62348"]

1. e4 Nf6 2. Nc3 e5 3. d3 Nc6 4. Bg5 Bc5 5. Be2 O-O 6. Nd5 Nd4 7. Nxf6+ gxf6 8. Bh6 Re8 9. Bh5 f5 10. exf5 Nxf5
11. Qg4+ Kh8 12. Qxf5 Rg8 13. Qxe5+ f6 14. Qxc5 d6 15. Qd4 c5 16. Qd5 f5 17. O-O-O Qh4 18. Qxd6 Qxh5 19. Qf6+
1-0

[Event "Agarr's SC Free for All 3"]
[Site "SchemingMind.com"]
[Date "2006.08.04"]
[Round "-"]
[White "agarr"]
[Black "JohnRees"]
[Result "1-0"]
[WhiteCountry "RUS"]
[BlackCountry "WLS"]
[WhiteElo "1697"]
[WhiteRD "67"]
[BlackElo "1347"]
[BlackRD "93"]
[GameID "62349"]

1. e4 e5 2. Nf3 Nc6 3. Bc4 Bc5 4. c3 Nf6 5. d4 Bb6 6. O-O O-O 7. Bg5 Qe7 8. Bd5 exd4 9. cxd4 Qb4 10. Qd2 Nxd5
11. exd5 Qxd2 12. Nfxd2 Bxd4 13. dxc6 bxc6 14. Nc3 Rb8 15. Rab1 Ba6 16. Rfe1 Bd3 17. Rbc1 Rbe8 18. Nf3 Bb6 19. Be7 g6 20. Bxf8 Kxf8
21. Rxe8+ Kxe8 22. Re1+ Kf8 23. a3 d5 24. Na4 Ba5 25. b4 Bb5 26. bxa5 Bxa4 27. Rb1 c5 28. Rb7
1-0

[Event "Agarr's SC Free for All 3"]
[Site "SchemingMind.com"]
[Date "2006.08.05"]
[Round "-"]
[White "MatdeInverses"]
[Black "JohnRees"]
[Result "1-0"]
[WhiteCountry "USA"]
[BlackCountry "WLS"]
[WhiteElo "2054"]
[WhiteRD "51"]
[BlackElo "1347"]
[BlackRD "93"]
[GameID "62350"]

1. d4 Nf6 2. Nc3 d5 3. Bg5 Nc6 4. f3 Bf5 5. e4 dxe4 6. d5 Nb4 7. Bxf6 exf6 8. fxe4 Qe7 9. Qe2 Bg6 10. a3 O-O-O
11. axb4 Qxb4 12. Rxa7 Qxb2 13. Ra8+ Kd7 14. Qb5+ Qxb5 15. Bxb5+ c6 16. dxc6+ bxc6 17. Bxc6+ Kc7 18. Rxd8 Kxd8 19. Nge2 Bb4 20. O-O Kc7
21. Bd5 f5 22. exf5 Bc5+ 23. Kh1 Re8 24. fxg6 fxg6 25. Rf7+ Kd6 26. g3 Re7 27. Rxe7 Kxe7 28. Kg2 h5 29. Ne4 Bb6 30. c4 Kd7
31. c5
1-0

[Event "Agarr's SC Free for All 3"]
[Site "SchemingMind.com"]
[Date "2006.08.05"]
[Round "-"]
[White "Dane"]
[Black "JohnRees"]
[Result "1-0"]
[WhiteCountry "CRO"]
[BlackCountry "WLS"]
[WhiteElo "1474"]
[WhiteRD "79"]
[BlackElo "1347"]
[BlackRD "93"]
[GameID "62351"]

1. e4 Nc6 2. Nf3 e5 3. Bb5 Nf6 4. O-O d5 5. Nxe5 Nxe4 6. Nxc6 bxc6 7. Bxc6+ Bd7 8. Bxd5 Rb8 9. Bxe4 f5 10. Bd5 c6
11. Re1+ Be7 12. Bb3 Qb6 13. d4 c5 14. dxc5 Qxc5 15. Bg5 Kd8 16. Bxe7+ Qxe7 17. Rxe7 Kxe7 18. Qd5 Rhf8 19. Nc3 a6 20. Re1+ Kd8
21. Qd6 Rxb3 22. Qxf8+ Kc7 23. cxb3
1-0

[Event "Agarr's SC Free for All 3"]
[Site "SchemingMind.com"]
[Date "2006.08.04"]
[Round "-"]
[White "No Limit"]
[Black "JohnRees"]
[Result "0-1"]
[WhiteCountry "USA"]
[BlackCountry "WLS"]
[WhiteElo "1287"]
[WhiteRD "84"]
[BlackElo "1388"]
[BlackRD "83"]
[GameID "62352"]

1. e4 e5 2. Nf3 Nc6 3. Bb5 Nf6 4. d3 Bb4+ 5. c3 Nd4 6. Nxd4 c6 7. Nf5 cxb5 8. Nxg7+ Kf8 9. Bh6 Ke7 10. Nf5+ Ke6
11. Qb3+ d5 12. Ng7+ Ke7 13. Qxb4+ Kd7 14. Qxb5+ Kc7 15. Nd2 a6 16. Qc5+ Kb8 17. exd5 Nxd5 18. O-O Qh4
0-1

[Event "Agarr's SC Free for All 3"]
[Site "SchemingMind.com"]
[Date "2006.08.04"]
[Round "-"]
[White "clockwork"]
[Black "e_castle3"]
[Result "0-1"]
[WhiteCountry "CAN"]
[BlackCountry "PHI"]
[WhiteElo "1356"]
[WhiteRD "74"]
[BlackElo "1796"]
[BlackRD "64"]
[GameID "62368"]

1. f4 d5 2. d4 e6 3. e3 Nf6 4. Nc3 Bb4 5. Bd2 O-O 6. Nf3 Nbd7 7. Bb5 c6 8. Bd3 a6 9. Nh4 c5 10. dxc5 Nxc5
11. Qf3 Nfe4 12. Qg4 Nxd2 13. Kxd2 d4 14. exd4 Qxd4 15. Rad1 e5 16. Qg5 e4 17. Nf5 Bxf5 18. Qxf5 exd3 19. cxd3 g6 20. Qg5 Ne4+
0-1

[Event "Agarr's SC Free for All 3"]
[Site "SchemingMind.com"]
[Date "2006.08.04"]
[Round "-"]
[White "clockwork"]
[Black "banong"]
[Result "0-1"]
[WhiteCountry "CAN"]
[BlackCountry "PHI"]
[WhiteElo "1356"]
[WhiteRD "74"]
[BlackElo "1672"]
[BlackRD "65"]
[GameID "62369"]

1. f4 d5 2. d4 e6 3. e3 Nf6 4. Nc3 Nc6 5. Nf3 Bb4 6. Bd2 O-O 7. Bd3 h6 8. Ne5 Bxc3 9. Bxc3 Ne4 10. O-O Nxc3
11. Nxc6 bxc6 12. bxc3 Rb8 13. c4 Ba6 14. Qg4 f5 15. Qg6 Rf6 16. Qg3 Rb2 17. cxd5 Bxd3 18. cxd3 Qe8 19. Rf3 Rg6 20. Qh3 cxd5
21. a3 Qb5 22. Rc1 Qxd3 23. Rff1 Qxe3+ 24. Qxe3 Rgxg2+ 25. Kh1 Rxh2+ 26. Kg1 Rbg2#
0-1

[Event "Agarr's SC Free for All 3"]
[Site "SchemingMind.com"]
[Date "2006.08.04"]
[Round "-"]
[White "clockwork"]
[Black "agarr"]
[Result "0-1"]
[WhiteCountry "CAN"]
[BlackCountry "RUS"]
[WhiteElo "1356"]
[WhiteRD "74"]
[BlackElo "1686"]
[BlackRD "67"]
[GameID "62370"]

1. f4 d5 2. d4 Bf5 3. e3 e6 4. Bd3 Bxd3 5. Qxd3 Nf6 6. Qb5+ Nbd7 7. Qxb7 Bd6 8. Nc3 O-O 9. Nf3 Ne4 10. Nxe4 dxe4
11. Qxe4 Nf6 12. Qd3 Qe7 13. O-O c5 14. e4 c4 15. Qxc4 Nxe4 16. Re1 Rfc8 17. Qd3 Nf6 18. Nh4 Qc7 19. g3 Qxc2 20. Qf3 Bb4
21. Re2 Qd1+ 22. Kf2 Nd5 23. a3 Ba5 24. f5 Rxc1 25. Rxc1 Qxc1 26. b4 Bb6 27. Qe4 Qc8 28. Rc2 Bxd4+ 29. Kg2 Ne3+ 30. Kf3 Nxc2
31. Kg4 exf5+ 32. Nxf5 Ne3+ 33. Kf4 Nxf5 34. g4 Nh6 35. Qxd4 Qxg4+ 36. Ke3 Qxd4+ 37. Kxd4 Rd8+ 38. Kc5 f5 39. a4 f4 40. a5 f3
41. b5 f2 42. b6 axb6+
0-1

[Event "Agarr's SC Free for All 3"]
[Site "SchemingMind.com"]
[Date "2006.08.04"]
[Round "-"]
[White "clockwork"]
[Black "MatdeInverses"]
[Result "0-1"]
[WhiteCountry "CAN"]
[BlackCountry "USA"]
[WhiteElo "1329"]
[WhiteRD "75"]
[BlackElo "2054"]
[BlackRD "51"]
[GameID "62371"]

1. f4 Nf6 2. Nc3 c5 3. e4 d5 4. Bb5+ Bd7 5. e5 Bxb5 6. Nxb5 Ne4 7. d3 Qa5+ 8. Nc3 Nxc3 9. Qd2 d4 10. bxc3 dxc3
11. Qe3 Nc6 12. Nf3 e6 13. O-O Nd4 14. Nxd4 cxd4 15. Qxd4 Bc5 16. Be3 Bxd4 17. Bxd4 O-O 18. Rab1 Qxa2 19. Rfc1 Rfc8 20. Rb3 Qa5
21. Kf2 b5 22. Rcb1 a6 23. g4 Qd8 24. Bxc3 Rxc3 25. Rxc3 Qd4+ 26. Ke2 Qxc3 27. Kd1 Qd4 28. h3 Qxf4 29. Rb3 Qf1+ 30. Kd2 Qxh3
31. g5 Qg2+ 32. Kc1 Qxg5+ 33. Kb2 Qxe5+ 34. Kc1 h5
0-1

[Event "Agarr's SC Free for All 3"]
[Site "SchemingMind.com"]
[Date "2006.08.04"]
[Round "-"]
[White "clockwork"]
[Black "Dane"]
[Result "0-1"]
[WhiteCountry "CAN"]
[BlackCountry "CRO"]
[WhiteElo "1329"]
[WhiteRD "75"]
[BlackElo "1474"]
[BlackRD "79"]
[GameID "62372"]

1. f4 d6 2. d4 Nf6 3. Nc3 e6 4. e3 d5 5. Nf3 Bb4 6. Bd2 Bxc3 7. Bxc3 Ne4 8. Bd3 b6 9. Ne5 Nd7 10. Bb5 O-O
11. Bb4 c5 12. dxc5 bxc5 13. Nc6 Qb6 14. Ne7+ Kh8 15. Nxd5 exd5 16. Qxd5 Qxb5 17. Qxe4 Bb7 18. Qd3 Qxb4+ 19. c3 Qxb2 20. O-O Qxg2#
0-1

[Event "Agarr's SC Free for All 3"]
[Site "SchemingMind.com"]
[Date "2006.08.04"]
[Round "-"]
[White "clockwork"]
[Black "No Limit"]
[Result "1-0"]
[WhiteCountry "CAN"]
[BlackCountry "USA"]
[WhiteElo "1356"]
[WhiteRD "74"]
[BlackElo "1287"]
[BlackRD "84"]
[GameID "62373"]

1. f4 d5 2. d4 Nf6 3. Nc3 Bf5 4. e3 e6 5. Nf3 h6 6. Ne5 Nbd7 7. Bb5 c6 8. Bd3 Bb4 9. Bd2 Nxe5 10. Bxf5 exf5
11. O-O Nc4 12. a3 Nxd2 13. Qxd2 Bxc3 14. Qxc3 Ne4 15. Qb4 b6 16. a4
1-0

[Event "Agarr's SC Free for All 3"]
[Site "SchemingMind.com"]
[Date "2006.08.04"]
[Round "-"]
[White "clockwork"]
[Black "JohnRees"]
[Result "0-1"]
[WhiteCountry "CAN"]
[BlackCountry "WLS"]
[WhiteElo "1329"]
[WhiteRD "75"]
[BlackElo "1347"]
[BlackRD "93"]
[GameID "62374"]

1. f4 Nc6 2. d4 d5 3. e3 Nf6 4. Nc3 Bg4 5. Be2 Qd7 6. Bxg4 Nxg4 7. Nf3 O-O-O 8. Ng5 Qf5 9. O-O h6 10. e4 dxe4
11. Ngxe4 Nxd4 12. Bd2 g6 13. Ng3 Qc5 14. Nge4 Qb6 15. Na4 Qc6 16. Nac3 f5 17. b4 fxe4 18. Qxg4+ e6 19. Qxg6 Nxc2 20. Rac1 Rg8
21. Qxe4 Rxd2 22. Ne2 Qxe4 23. Rf3 Qxe2 24. Rg3 Qf2+ 25. Kh1 Rxg3 26. Rg1 Rg8 27. b5 Rxg2 28. Rxg2 Qxg2#
0-1

[Event "Agarr's SC Free for All 3"]
[Site "SchemingMind.com"]
[Date "2006.08.04"]
[Round "-"]
[White "e_castle3"]
[Black "clockwork"]
[Result "1-0"]
[WhiteCountry "PHI"]
[BlackCountry "CAN"]
[WhiteElo "1796"]
[WhiteRD "64"]
[BlackElo "1356"]
[BlackRD "74"]
[GameID "62375"]

1. e4 e5 2. Nf3 Nf6 3. Nc3 Nc6 4. Bc4 Bc5 5. O-O O-O 6. d3 d6 7. Be3 Bg4 8. Bxc5 dxc5 9. h3 Bxh3 10. gxh3 Qd7
11. Kh2 Nh5 12. Nd5 Nd4 13. Nxd4 Nf4 14. Nxf4 exd4 15. Rg1 Qd6 16. Qg4 Qf6 17. Nh5 Qxf2+ 18. Rg2 Qe3 19. Qxg7#
1-0

[Event "Agarr's SC Free for All 3"]
[Site "SchemingMind.com"]
[Date "2006.08.09"]
[Round "-"]
[White "banong"]
[Black "clockwork"]
[Result "1-0"]
[WhiteCountry "PHI"]
[BlackCountry "CAN"]
[WhiteElo "1672"]
[WhiteRD "65"]
[BlackElo "1356"]
[BlackRD "74"]
[GameID "62376"]

1. e4 e5 2. Nf3 Nf6 3. Nc3 Nc6 4. Bb5 Bb4 5. O-O O-O 6. d3 Bxc3 7. bxc3 Ng4 8. h3 Nf6 9. Bg5 Qe7 10. d4 Na5
11. dxe5 Nxe4 12. Bxe7 Nxc3 13. Qd3 Re8 14. Bf6 gxf6 15. exf6 Nxb5 16. Qf5 c6 17. Qg5+
1-0

[Event "Agarr's SC Free for All 3"]
[Site "SchemingMind.com"]
[Date "2006.08.04"]
[Round "-"]
[White "agarr"]
[Black "clockwork"]
[Result "1/2-1/2"]
[WhiteCountry "RUS"]
[BlackCountry "CAN"]
[WhiteElo "1686"]
[WhiteRD "67"]
[BlackElo "1356"]
[BlackRD "74"]
[GameID "62377"]

1. e4 e5 2. Nf3 Nf6 3. Nc3 Nc6 4. Bc4 Bc5 5. O-O O-O 6. d3 d6 7. h3 Nh5 8. Bg5 Ne7 9. Nd5 Re8 10. Nxe7+ Rxe7
11. Bxe7 Qxe7 12. c3 Qf6 13. Kh2 Qg6 14. b4 Bb6 15. g3 Qh6 16. Qd2 Qg6 17. Qg5 Qxg5 18. Nxg5 Be6 19. Nxe6 fxe6 20. Bxe6+ Kf8
21. f4 exf4 22. gxf4 Ke7 23. f5 Nf6 24. Rae1 c5 25. a3 cxb4 26. axb4 Nh5 27. d4 g6 28. e5 gxf5 29. Bxf5 h6 30. Bg6 Ng7
31. Rf7+ Ke6 32. Rxg7 dxe5 33. Rxb7 Kf6 34. Be4 Rc8 35. dxe5+ Kxe5 36. Re7+ Kf6 37. Bd5 Rxc3 38. Rf1+ Kxe7 39. b5 Kd6 40. Bc6 Kc5
41. Rf5+ Kb4 42. Rh5 Be3 43. Kg3 Bg5+ 44. Kg4 a6 45. h4=
1/2-1/2

[Event "Agarr's SC Free for All 3"]
[Site "SchemingMind.com"]
[Date "2006.08.05"]
[Round "-"]
[White "MatdeInverses"]
[Black "clockwork"]
[Result "1-0"]
[WhiteCountry "USA"]
[BlackCountry "CAN"]
[WhiteElo "2054"]
[WhiteRD "51"]
[BlackElo "1329"]
[BlackRD "75"]
[GameID "62378"]

1. e4 e5 2. f4 d5 3. exd5 Qxd5 4. Nc3 Qa5 5. fxe5 Qxe5+ 6. Be2 Bg4 7. d4 Qe6 8. Bf4 Bd6 9. d5 Qe7 10. Bxd6 Bxe2
11. Bxe7 Bxd1 12. Ba3 Bxc2 13. Rc1 Bf5 14. Nb5 Na6 15. Rxc7 Nxc7 16. Nxc7+ Kd7 17. Nxa8 Nf6 18. Nf3 Rxa8 19. d6 Ne4 20. O-O Be6
21. Ne5+ Kd8 22. Nxf7+ Bxf7 23. Rxf7 b6 24. Rf8+ Kd7 25. Rxa8 Nxd6 26. Bxd6 Kxd6 27. Rxa7 Kc5 28. Rxg7 Kc4 29. Rxh7 b5 30. Rd7 b4
31. g4
1-0

[Event "Agarr's SC Free for All 3"]
[Site "SchemingMind.com"]
[Date "2006.08.05"]
[Round "-"]
[White "Dane"]
[Black "clockwork"]
[Result "1-0"]
[WhiteCountry "CRO"]
[BlackCountry "CAN"]
[WhiteElo "1474"]
[WhiteRD "79"]
[BlackElo "1329"]
[BlackRD "75"]
[GameID "62379"]

1. e4 e5 2. Nf3 Nf6 3. Bc4 Bc5 4. O-O O-O 5. Nxe5 Nxe4 6. d4 Bd6 7. Qf3 Bxe5 8. Qxe4 Bd6 9. Bd3 f5 10. Qd5+ Kh8
11. Bxf5 Qf6 12. Bd3 Qh4 13. h3 Nc6 14. Bg5 Qh5 15. Qe4 Nxd4 16. Qxd4 Qxg5 17. Nc3 Be5 18. Qe4 c6 19. Qxh7#
1-0

[Event "Agarr's SC Free for All 3"]
[Site "SchemingMind.com"]
[Date "2006.08.04"]
[Round "-"]
[White "No Limit"]
[Black "clockwork"]
[Result "0-1"]
[WhiteCountry "USA"]
[BlackCountry "CAN"]
[WhiteElo "1287"]
[WhiteRD "84"]
[BlackElo "1356"]
[BlackRD "74"]
[GameID "62380"]

1. e4 e5 2. Nf3 Nf6 3. d4 d5 4. Nxe5 Nxe4 5. Nd2 Nd7 6. Nxe4 dxe4 7. Nxd7 Qxd7 8. Be3 Bd6 9. Bc4 O-O 10. Qe2 Bb4+
11. c3 Bd6 12. f3 Re8 13. fxe4 Rxe4 14. Bd3 Re6 15. O-O-O Bf4
0-1

[Event "Agarr's SC Free for All 3"]
[Site "SchemingMind.com"]
[Date "2006.08.04"]
[Round "-"]
[White "JohnRees"]
[Black "clockwork"]
[Result "0-1"]
[WhiteCountry "WLS"]
[BlackCountry "CAN"]
[WhiteElo "1388"]
[WhiteRD "83"]
[BlackElo "1356"]
[BlackRD "74"]
[GameID "62381"]

1. e4 e5 2. Nf3 Nf6 3. Nc3 Nc6 4. Bb5 Bb4 5. d4 d5 6. Nxe5 Nxe4 7. O-O O-O 8. a3 Nxe5 9. dxe5 Nxc3 10. bxc3 Bxc3
11. Rb1 Bxe5 12. Re1 Qf6 13. Qxd5 Rd8 14. Qxe5 Qxe5 15. Rxe5 Rd1+ 16. Bf1 Bd7 17. h3 a6 18. Re7 Bb5 19. Kh2 Rxf1 20. Kg3 Bc6
21. Rxc7 Re8 22. f3 Re2 23. Rbxb7 Rxc1 24. Rxc6 g6 25. Rcc7 Rcxc2 26. Rxf7 Rxg2+ 27. Kf4 Rgf2 28. Rg7+ Kf8 29. Rxh7 Kg8 30. Rh6 Rc3
31. Rxg6+ Kf8 32. Ke4 Rfxf3 33. Rxa6 Rce3+ 34. Kd4 Rd3+ 35. Ke4 Rde3+ 36. Kd5 Rd3+ 37. Kc4 Rc3+ 38. Kb5 Rb3+
0-1

[Event "Agarr's SC Free for All 3"]
[Site "SchemingMind.com"]
[Date "2006.08.05"]
[Round "-"]
[White "willygor"]
[Black "e_castle3"]
[Result "0-1"]
[WhiteCountry "ARG"]
[BlackCountry "PHI"]
[WhiteElo "1696"]
[WhiteRD "71"]
[BlackElo "1830"]
[BlackRD "65"]
[GameID "62427"]

1. e4 e5 2. Nf3 Nc6 3. Bc4 Bc5 4. a3 Nf6 5. Nc3 O-O 6. d3 d6 7. Bg5 h6 8. Bxf6 Qxf6 9. Nd5 Qd8 10. b4 Bb6
11. Nxb6 axb6 12. Bb3 Be6 13. c4 Bg4 14. h3 Bxf3 15. Qxf3 Nd4 16. Qd1 Kh8 17. O-O f5 18. exf5 Rxf5 19. a4 Qg5 20. Kh1 Raf8
21. f3 Qg3 22. Ra2 Rg5 23. Rff2 Qf4 24. Bc2 Nf5 25. Qd2 Ng3+ 26. Kg1 Qh4 27. Bd1 Nf5 28. a5 bxa5 29. bxa5 Qd4 30. Kh2 Qh4
31. a6 bxa6 32. Rxa6 Qg3+ 33. Kh1 Nd4 34. Ra2= Ne6 35. Qe3 Nf4 36. Kg1 Nxh3+ 37. Kf1 Nxf2 38. Rxf2 Rh5 39. Qd2 Rh1+ 40. Ke2 Ra8
41. Qb2 Rg1 42. Qc2 Ra1
0-1

[Event "Agarr's SC Free for All 3"]
[Site "SchemingMind.com"]
[Date "2006.08.04"]
[Round "-"]
[White "willygor"]
[Black "banong"]
[Result "1-0"]
[WhiteCountry "ARG"]
[BlackCountry "PHI"]
[WhiteElo "1713"]
[WhiteRD "65"]
[BlackElo "1672"]
[BlackRD "65"]
[GameID "62428"]

1. e4 e5 2. Nf3 Nc6 3. Bc4 Nf6 4. Ng5 d5 5. exd5 Nxd5 6. Nxf7 Kxf7 7. Qf3+ Qf6 8. Bxd5+ Be6 9. Bxc6 bxc6 10. Qxf6+ gxf6
11. Nc3 Bc5 12. Ne4 Bb6 13. d3 Rhg8 14. Rg1 Bh3 15. g3 h5 16. Bd2 h4 17. Be3 hxg3 18. hxg3 f5 19. Ng5+ Rxg5 20. Bxg5 Rg8
21. Be3 Bxe3 22. fxe3 f4 23. exf4 exf4 24. Kf2 fxg3+ 25. Rxg3 Rxg3 26. Kxg3 Be6 27. Kf4 Ke7 28. Ke5 Kd7 29. a3 c5 30. Rg1 Bh3
31. Rg6
1-0

[Event "Agarr's SC Free for All 3"]
[Site "SchemingMind.com"]
[Date "2006.08.04"]
[Round "-"]
[White "willygor"]
[Black "agarr"]
[Result "1/2-1/2"]
[WhiteCountry "ARG"]
[BlackCountry "RUS"]
[WhiteElo "1713"]
[WhiteRD "65"]
[BlackElo "1686"]
[BlackRD "67"]
[GameID "62429"]

1. e4 e5 2. Nf3 Nc6 3. Bc4 Bc5 4. a3 d6 5. Nc3 Nf6 6. d3 h6 7. Be3 Nd4 8. Nd5 Bg4 9. Bxd4 Bxd4 10. c3 Bb6
11. h3 Bh5 12. g4 Bg6 13. Nxb6 axb6 14. Qc2 c6 15. Ba2 O-O 16. Qd2 b5 17. g5 hxg5 18. Nxg5 Nh5 19. h4 Nf4 20. O-O-O Kh8
21. Rdg1 Bh5 22. Kb1 Ra4 23. Bb3 Ra8 24. d4 Qb6 25. Nh3 Nxh3 26. Rxh3 exd4 27. Qg5 Bg6 28. h5 Bxe4+ 29. Kc1 Rg8 30. Bxf7 dxc3
31. Rxc3 Qxf2 32. Bxg8 Rxg8 33. Qe3 Qh2 34. h6 d5 35. hxg7+ Rxg7 36. Rxg7 Kxg7 37. Qg3+ Qxg3 38. Rxg3+ Kf6 39. Kd2 c5 40. Ke3 Kf5
41. Rg8 d4+ 42. Kd2 c4 43. Re8 Bc6 44. Re7 d3 45. Re1 Kf4 46. Re7 Kf3=
1/2-1/2

[Event "Agarr's SC Free for All 3"]
[Site "SchemingMind.com"]
[Date "2006.08.05"]
[Round "-"]
[White "willygor"]
[Black "clockwork"]
[Result "1-0"]
[WhiteCountry "ARG"]
[BlackCountry "CAN"]
[WhiteElo "1712"]
[WhiteRD "66"]
[BlackElo "1329"]
[BlackRD "75"]
[GameID "62430"]

1. e4 e5 2. Nf3 Nf6 3. Nxe5 Nxe4 4. Qe2 Qe7 5. Qxe4 d6 6. Bc4 dxe5 7. O-O Nc6 8. a3 g6 9. Nc3 Bf5 10. Qe3 Bxc2
11. Nd5 Qd6 12. Re1 Bg7 13. d3 O-O 14. Bd2 Rfe8 15. Rac1 Ba4 16. Bc3 Na5 17. Bxa5 b6 18. Bc3 a5 19. Qg3 c6 20. Nxb6 Rab8
21. Nxa4 Re7 22. b3 Qxa3 23. Ra1 Qd6 24. Bb2 Rbe8 25. Ba3 c5 26. Bxc5 Qf6 27. Bxe7 Rxe7 28. Rad1 Bh6 29. d4 Bf4 30. Qf3 Qf5
31. dxe5 Rxe5 32. g3 Bg5 33. Qxf5 Rxf5 34. Nb6 Bf6 35. Nd5 Bg5 36. f4 Bh6 37. Ne7+
1-0

[Event "Agarr's SC Free for All 3"]
[Site "SchemingMind.com"]
[Date "2006.08.05"]
[Round "-"]
[White "willygor"]
[Black "MatdeInverses"]
[Result "1-0"]
[WhiteCountry "ARG"]
[BlackCountry "USA"]
[WhiteElo "1713"]
[WhiteRD "65"]
[BlackElo "1871"]
[BlackRD "53"]
[GameID "62431"]

1. e4 e5 2. Nf3 d6 3. d4 Nf6 4. dxe5 Nxe4 5. Bd3 Nc5 6. Be2 Nc6 7. Bg5 Qd7 8. exd6 Bxd6 9. O-O O-O 10. Nc3 Qf5
11. Be3 Ne5 12. Nxe5 Qxe5 13. g3 Bh3 14. Re1 Rad8 15. Bf1 Qf5 16. Qd5 Qxd5 17. Nxd5 Bxf1 18. Kxf1 Ne6 19. Rad1 b6 20. a3 Rfe8
21. Re2=
1-0

[Event "Agarr's SC Free for All 3"]
[Site "SchemingMind.com"]
[Date "2006.08.04"]
[Round "-"]
[White "willygor"]
[Black "Dane"]
[Result "1-0"]
[WhiteCountry "ARG"]
[BlackCountry "CRO"]
[WhiteElo "1712"]
[WhiteRD "66"]
[BlackElo "1474"]
[BlackRD "79"]
[GameID "62432"]

1. e4 e5 2. Nf3 Nc6 3. Bc4 Nf6 4. Ng5 d5 5. exd5 Na5 6. Bb5+ Bd7 7. Bxd7+ Nxd7 8. d3 Be7 9. Ne4 b6 10. O-O O-O
11. Be3 Nb7 12. f4 exf4 13. Bxf4 Nd6 14. Nxd6 Bxd6 15. Bxd6 cxd6 16. Nd2 Nf6 17. Qf3 Qc7 18. c4 Rab8 19. Qg3 b5 20. Rxf6 Qc5+
21. Rf2 Qd4 22. Rf1 bxc4 23. Nxc4 Qxd5 24. Qxd6 Qh5 25. Rxf7 Rfe8 26. Qd4 Qg6 27. Qd5 Kh8 28. Qd6 Qxd6 29. Nxd6 Red8 30. Nc4 h6
31. R1f3 Kh7 32. Rxa7 Rb5 33. a4 Rbd5 34. a5 Re8 35. a6 Rg5 36. Rb7 Re2 37. g3 Re1+ 38. Kf2 Rc1 39. a7
1-0